• 首页
  • 本馆介绍
  • 公告通知
  • 最新文献
  • 馆藏检索
  • 电子资源
  • 读者导购
  • 参考咨询
  • 我的图书馆
  • 登录
  • 详细信息显示
  • 放入我的书架
  • 预约/预借图书
  • 作者相关作品
  • 分类相关作品
  • 丛书相关作品
  • 出版社相关作品

书目信息

  • 表格格式
  • 工作单格式
  • 卡片格式
题名:
微生物学及寄生虫学
    
 
作者: ;全国中等卫生学校试用教材编写组 编
分册:  
出版信息: 济南   山东科学技术出版社  1979
页数: 191页
开本: 26cm
丛书名:
单 册:
中图分类: R37-43
科图分类:
主题词: 微生物学--专业学校--教材 , 微生物学 , 寄生虫学--专业学校--教材 , 寄生虫学
电子资源:
ISBN: 14195.24
000 00937nam0 2200277 450
001 0179008686
005 20100712215644.0
010    @a14195.24@dCNY1.40
091    @a14195.24
100    @a19950803d1979 em y0chiy0110 ea
101 0  @achi
102    @aCN@b370000
105    @ay z 000yy
106    @ar
200 1  @a微生物学及寄生虫学@9Wei Sheng Wu Xue Ji Ji Sheng Chong Xue @f全国中等卫生学校试用教材《微生物学及寄生虫学》编写组编
210    @a济南@c山东科学技术出版社@d1979
215    @a191页@d26cm
300    @a全国中等卫生学校试用教材 供医士、妇幼医士、助产士、卫生医士专业用
606 0  @a微生物学@x专业学校@x教材
606 0  @a微生物学
606 0  @a寄生虫学@x专业学校@x教材
606 0  @a寄生虫学
690    @aR37-43@v3
711 02 @a全国中等卫生学校试用教材编写组@9quan guo zhong deng wei sheng xue xiao shi yong jiao cai bian xie zu@4编
801  0 @aCN@bAzMarc@c20130904
905    @aBZT@dR37-43@e14@f13@sR37-43/14
    
    微生物学及寄生虫学/全国中等卫生学校试用教材《微生物学及寄生虫学》编写组编.-济南:山东科学技术出版社,1979
    191页;26cm
    全国中等卫生学校试用教材 供医士、妇幼医士、助产士、卫生医士专业用
    
    ISBN 14195.24:CNY1.40
    
●
相关链接 在五车中查询图书 在当当中查询图书 在豆瓣中查询图书


正题名:微生物学及寄生虫学     索取号:R37-43/14         预约/预借

序号 登录号 条形码 馆藏地/架位号 状态 备注
1 2000035185   2000035185   旧书回溯/ [索取号:R37-43/14] 在馆    
2 2000035186   2000035186   旧书回溯/ [索取号:R37-43/14] 在馆    
3 2000087467   2000087467   旧书回溯/ [索取号:R37-43/14] 在馆    
4 2000133206   2000133206   旧书回溯/ [索取号:R37-43/14] 在馆    
5 2000136730   2000136730   旧书回溯/ [索取号:R37-43/14] 在馆    
6 2000140675   2000140675   旧书回溯/ [索取号:R37-43/14] 在馆    
7 2000140676   2000140676   旧书回溯/ [索取号:R37-43/14] 在馆    
8 2000145609   2000145609   旧书回溯/ [索取号:R37-43/14] 在馆    
9 2000145610   2000145610   旧书回溯/ [索取号:R37-43/14] 在馆    
10 2000145611   2000145611   旧书回溯/ [索取号:R37-43/14] 在馆    
11 2000145612   2000145612   旧书回溯/ [索取号:R37-43/14] 在馆    
12 2000145613   2000145613   旧书回溯/ [索取号:R37-43/14] 在馆    
13 2000152174   2000152174   旧书回溯/ [索取号:R37-43/14] 在馆    
山东省滨州职业学院图书馆 欢迎您!
大连网信软件有限公司© 版权所有